000 00296nam a2200121Ia 4500
005 20251222154346.0
008 251222s9999||||xx |||||||||||||| ||spa||
020 _a978-84-370-6566-3
082 _a572/P43
100 _a"Pereta, Juliy otros"
245 0 _aFundamentos de bioquémica
942 _cLIB
999 _c34701
_d34701